000 00334nam a2200145Ia 4500
008 240830s1989 xx 000 0 und d
041 _aeng
082 _a0 D.V
100 _aD.V. BODAS
245 _aRAS-SHASTRA
260 _bM.V.GRANTH MANDAL, NAGPUR
_c1989
650 _aRASA-SHASTRA
906 _aN.D.
999 _c1193018
_d1193018